000 01948nam a2200361Ia 4500
999 _c55030
_d55030
001 22105
003 GE_BSU
005 20221026153823.0
008 181216s ||||ge |||||||||||||| ||geo||
020 _a9789941078866
040 _cGE_BSU
041 _ageo
080 _a159.955 ფ-97
100 _aფუკო, მიშელ
_915563
245 _aნიცშე, ფროიდი, მარქსი :
_bთანამედროვე ჰერმენევტიკის სათავეებთან /
_cფრანგულიდან თარგმანი და კომენტარები მედეა კინწურაშვილი, ირაკლი ბრაჭული ; რედაქტორი თამარ ბერეკაშვილი ; მხატვარი მერაბ გეწაძე.
264 _aთბილისი :
_bCarpe diem, გამ-ბა ”მერიდიანი,
_c2015.
300 _a60 გვ. ;
_c16 სმ.
501 _aშენიშვნებ გვ. 52
541 _h4ლ.70თ.
653 _aნიცშე
653 _aფროიდი
653 _a მარქსი
653 _aთანამედროვე ჰერმენევტიკის სათავეებთან
653 _aფსიქოანალიზი
653 _aსიღრმის ფსიქოლოგია
653 _aმარქსიზმი
653 _aფსიქოლოგია
700 _aკინწურაშვილი, მედეა
_eმთარგმნელი
_915564
700 _aბრაჭული, ირაკლი
_eმთარგმნელი
_910107
700 _aბერეკაშვილი, თამარ
_eრედაქტორი
_91017
700 _aგეწაძე, მერაბ
_eმხატვარი
_95470
942 _cBK
_2udc